Η Συνέντευξη ως Μέθοδος Επιλογής Προσωπικού./Η Χρήση της Συνέντευξης Επιλογής από τις Μικρομεσαίες Επιχείρηση του Χώρου Εστίασης στην Ελλάδα. (Record no. 8619)
[ view plain ]
| 000 -LEADER | |
|---|---|
| fixed length control field | 02207cam a22001934a 4500 |
| 005 - ΗΜΕΡΟΜΗΝΙΑ ΚΑΙ ΩΡΑ ΤΕΛΕΥΤΑΙΑΣ ΕΝΗΜΕΡΩΣΗΣ | |
| Πεδίο ελέγχου | 20250605164341.0 |
| 008 - FIXED-LENGTH DATA ELEMENTS--GENERAL INFORMATION | |
| Πεδίο ελέγχου σταθερού μήκους | 250528s ||||||||||||||||||||||||d |
| 035 ## - SYSTEM CONTROL NUMBER | |
| System control number | 23619 |
| 040 ## - ΠΗΓΗ ΚΑΤΑΛΟΓΟΓΡΑΦΗΣΗΣ | |
| Φορέας πρωτότυπης καταλογογράφησης | MC Athens Campus Library |
| Γλώσσα καταλογογράφησης | Ελληνικά, Μοντέρνα (1453-) |
| Modifying agency | MC Athens Campus Library |
| Κανόνες περιγραφικής καταλογογράφησης | AACR2 |
| 245 1# - ΤΙΤΛΟΣ ΚΑΙ ΔΗΛΩΣΗ ΥΠΕΥΘΥΝΟΤΗΤΑΣ | |
| Τίτλος | Η Συνέντευξη ως Μέθοδος Επιλογής Προσωπικού./Η Χρήση της Συνέντευξης Επιλογής από τις Μικρομεσαίες Επιχείρηση του Χώρου Εστίασης στην Ελλάδα. |
| 260 ## - PUBLICATION, DISTRIBUTION, ETC. | |
| Date of publication, distribution, etc. | 2015 |
| 300 ## - PHYSICAL DESCRIPTION | |
| Extent | 108 |
| 520 ## - SUMMARY, ETC. | |
| Summary, etc. | Εισαγωγή, η Χρήση ΤΕΣΤ στην Επιλογή Προσωπικού, τα Κέντρα Αξιολόγησης, οι Βιογραφικές Μέθοδοι, η Συνέντευξη Επιλογής Προσωπικού, Δομή της Συνέντευξης, Είδη της Συνέντευξης, οι Συμμετέχοντες στην Διαδικασία της Συνέντευξης, Συνέντευκτες και Υποψήφιοι, Προβήματα και Λάθη της Συνέντευξης, Αξιοπιστία και Εγκυρότητα, Τρόποι Βελτίωσης της Μεθόδου της Συνέντευξης, Μέθοδοι Επιλογής Προσωπικού στην Ελλάδα και στην Ευρώπη - Συγκριτική Ανάλυση, η Μέθοδοι της Συνέντευξης Επιλογής και οι Ελληνικές Επιχειρήσεις, Ορίζοντας την Μικρομεσαία Επιχείρηση, οι Μικρομεσαίες Επιχειρήσεις κατά την Ε.Ε - Ελλάδα, η Διεξαγωγή της Έρευνας, το Έρευνητικό Πρόβλημα, η Έρευνητική Προσέγγιση, ο Σχεδιασμός και η Στρατηγική της Έρευνας, το Ερωτηματολόγιο, Ανάλυση Δεδομένων, Αναλύσεις Μεταβλητών, Συμπεράσματα, Βιβογραφία, Παραρτήματα. |
| 700 1# - ΠΡΟΣΘΕΤΗ ΑΝΑΓΡΑΦΗ--ΦΥΣΙΚΟ ΠΡΟΣΩΠΟ | |
| Personal name | Μαρκάκη Ευαγγελία |
| 9 (RLIN) | 5539 |
| 700 1# - ΠΡΟΣΘΕΤΗ ΑΝΑΓΡΑΦΗ--ΦΥΣΙΚΟ ΠΡΟΣΩΠΟ | |
| Personal name | Πρόκο Κωνσταντίνα |
| 9 (RLIN) | 9209 |
| 942 ## - ADDED ENTRY ELEMENTS (KOHA) | |
| Koha item type | Διπλωματική εργασία |
| Τύπος τεκμηρίου | Βιβλιοθήκη | Τρέχουσα τοποθεσία | Barcode | Ημερομηνία απόκτησης | Ταξιθετικό σύμβολο | Αριθμός αντιτύπου | Κατάσταση απόσυρσης | Κατάσταση χαμένου | Κατάσταση κατεστραμμένου | Μη δανεισμός | Σύνολο δανεισμών | Ημερομηνία τελευταίας εμφάνισης | Η τιμή ισχύει από |
|---|---|---|---|---|---|---|---|---|---|---|---|---|---|
| Διπλωματική εργασία | MC Athens Campus Library | MC Athens Campus Library | 9780000086181 | 05/06/2025 | BUS 2015 (20) | 1 | 05/06/2025 | 05/06/2025 |